000 00310nam a2200121Ia 4500
008 190216s9999||||xx |||||||||||||| ||und||
100 _aAgarwal An
245 0 _aObjective And Short Answer Type Questions In Economics
260 _bYoung Man & Co
_c1980
300 _a247p
650 _aEconomics
942 _cREF
999 _c35581
_d35581